| 000 | 00872nam a22002415i 4500 | ||
|---|---|---|---|
| 001 | 155521 | ||
| 003 | ES-MaACL | ||
| 005 | 20230906210118.0 | ||
| 008 | 040721q18821885xxk |||| | eng d | ||
| 040 |
_aCAM _bspa _cCAM |
||
| 100 | 1 |
_aHolmes, Oliver Wendell. _964060 |
|
| 245 | 1 | 4 |
_aThe poet at the breakfast-table / _cby Oliver Wendell Holmes. |
| 260 |
_aLondon : _bGeorge Routledge & Sond ; _aNew York : _bE.P. Dutton & Co. ( _fRichard Clay & Sons) |
||
| 300 |
_a292 p. ; _c16 cm. |
||
| 490 | 1 | _aThe new universal library | |
| 490 | 1 |
_aThe works of Oliver Wendell Holmes ; _v2 |
|
| 752 |
_aGran Bretaña - _cLondres |
||
| 752 |
_aEstados Unidos de América - _cNueva York |
||
| 830 | 0 |
_aThe new universal library _9187927 |
|
| 830 | 0 |
_aThe works of Oliver Wendell Holmes ; _v2 _9221570 |
|
| 852 |
_aES-MaACL _jG-14917 _z-- Enc. tela |
||
| 999 |
_c155521 _d155521 |
||